03209nam a2200529Ia 45000010005000000080041000050100009000460410014000550820025000692450188000942600011002823000008002935200007003016300016003086300023003246500022003476900014003697000034003837000026004177000036004439010071004799020006005509030042005569040018005989050029006169060006006459070023006519080040006749090051007149100015007659110010007809120014007909130009008049140029008139150019008429160009008619170009008709180014008799190017008935201710009109210007026209220007026279230006026349240014026409420010026549990015026643068241029s9999 xx 000 0 und d a2878 aEspañol aMA-LAEE 0001 FH 2004 0aEstrategias docentes utilizadas en la enseñanza de la lectura, en los alumnos del 2do. Ciclo del Nivel Básico del Distrito Educativo 07-06, de San Francisco de Macorís 2003-2004 aDuarte a102 a12 aEnseñanza aEstrategia Docente aLengua Española aElaborado easesoraDe los Santos, Julio  eautora Jerez, Luz M. eautoraPeralta Beato, Mercedes a{"1":" Jerez","2":"Peralta Beato"}b{"1":"Luz M.","2":" Mercedes"} a1 a{"1":"De los Santos"}b{"1":"Julio "} aMagíster en aLingüística Aplicada a1 acon Aplicación a aEnseñanza de la Lengua Española aUniversidad Autónoma de Santo Domingo (UASD) aNULLbNULL a["1"] aNO APLICA aNULL a06 de Septiembre de 2004 a30/06/15 10:06 aNULL aNULL aNO APLICA a["202","94"] aEl estudio se  planteó como objetivo principal identificar cuáles son las estrategias de lectura que utilizan los docentes del 2do. Ciclo del Nivel Básico del Distrito Educativo 07-06, de San Francisco de Macorís. Determinar el uso de estrategias innovadoras en la enseñanza de la lectura y determinar si el nivel académico de los profesores, incide en el uso eficaz de estrategias innovadoras.  Este estudio se realizó en base a un diseño descriptivo, se trabajó con una muestra de 249 estudiantes y 48 profesores.  Como instrumento se empleó el cuestionario, fichas de observación, grabaciones de lectura expresiva y la entrevista.Los análisis realizados indican que los hallazgos realizados con el uso de estrategias en la enseñanza de la lectura, muestra que los y las profesores, utilizan estrategias innovadoras en la enseñanza de la lectura, pero estos resultados se contraponen con los resultados obtenidos en la prueba aplicada de los y las alumnos.  Esto implica que se están aplicando estrategias innovadoras, pero las mismas no son eficaces o no se están aplicando de manera adecuada, pues las estrategias que se utilicen varían dependiendo del texto leído de los estudiantes y del contexto en que tenga lugar la clase.Se aprecia que el nivel académico de los profesores  influyen de manera significativa en el uso eficaz de estrategias innovadoras en la enseñanza de la lectura.  La investigación sugiere a los Distritos Educativos supervisar, orientar y acompañar a los y las profesores de Lengua Española del 2do. Ciclo de básica, con el fin de promover el uso de estrategias innovadoras y que las mismas sean aplicadas de manera eficaz a16 a16 a0 aNO APLICA cTesis c2878d2878